000 00726nam a2200205Ia 4500
005 20251020182610.0
008 200515s9999 xx 000 0 und d
082 _aSC/624.132/S42
110 _aMinisterio de Transportes y Comunicaciones, Vivienda y Construcción
245 0 _aSuelos y cimentaciones : Norma E.050
260 _aLima
260 _c1997
300 _a50
520 _aEstablece los requisitos para la ejecución de estudios de mecánica de suelos con fines de cimentación, a fin de asegurar la estabilidad de las edificaciones y otras obras, y promover la utilización racional de los recursos
650 _aCIMENTACIONES
650 _aE-050
650 _aNORMAS
650 _aSUELOS
942 _cLIB
999 _c3317
_d3317